[Event "AUTO-ELITE-13"]
[Site "http://www.queenalice.com/game.php?id=58986"]
[Date "2006.3.23"]
[Round "2"]
[White "divukman"]
[Black "Montalbano"]
[Result "0-1"]
[WhiteElo "1963"]
[BlackElo "2390"]

1. d4 f5 2. c4 Nf6 3. g3 g6 4. Bg2 Bg7 5. Nf3 O-O 6. O-O d6 7. d5 Qe8 8. Nc3 Na6
9. Rb1 c5 10. dxc6 bxc6 11. b4 Bd7 0-1

[Event "AUTO-ELITE-13"]
[Site "http://www.queenalice.com/game.php?id=58989"]
[Date "2006.3.23"]
[Round "2"]
[White "divukman"]
[Black "ENDHER"]
[Result "0-1"]
[WhiteElo "1961"]
[BlackElo "2222"]

1. d4 Nf6 2. c4 g6 3. Nc3 Bg7 4. e4 d6 5. Nf3 O-O 6. Be2 c6 7. O-O e6 8. e5 dxe5
9. Nxe5 Nfd7 10. Bf4 Qf6 11. Qd2 Re8 12. Bg5 Bh6 13. Bxh6 Nxe5 14. Ne4 Qh4 15.
f3 Nxc4 16. Bxc4 b5 0-1

[Event "AUTO-ELITE-13"]
[Site "http://www.queenalice.com/game.php?id=58990"]
[Date "2006.3.23"]
[Round "2"]
[White "ENDHER"]
[Black "divukman"]
[Result "1-0"]
[WhiteElo "2226"]
[BlackElo "1955"]

1. d4 d5 2. c4 e6 3. Nc3 c5 4. e3 Nf6 5. Nf3 cxd4 6. exd4 Be7 7. Bd3 dxc4 8.
Bxc4 O-O 9. O-O Nc6 10. Re1 a6 11. Bf4 b5 12. Bd3 Nb4 13. Bb1 Bb7 14. Be5 Rc8
15. a4 bxa4 16. Ng5 h6 17. Nge4 1-0

[Event "AUTO-OPEN-1877"]
[Site "http://www.queenalice.com/game.php?id=730501"]
[Date "2010.2.12"]
[Round "1"]
[White "divukman"]
[Black "animis"]
[Result "0-1"]
[WhiteElo "1870"]
[BlackElo "1910"]

1. e4 e5 2. Nf3 Nc6 3. Nc3 Nf6 4. Bc4 Bc5 5. O-O O-O 6. d3 d6 7. Qe2 Ne7 8. Bg5
c6 9. Bxf6 gxf6 10. Nh4 Kh8 11. Na4 Bb4 12. a3 Ba5 13. b4 Bc7 14. Qf3 Ng6 15.
Nxg6+ fxg6 16. Qe3 b5 17. Bb3 bxa4 18. Bxa4 Bb7 19. Bb3 Qe7 20. Rae1 f5 21. exf5
Rxf5 22. Re2 d5 23. Rfe1 Qf6 24. Rf1 Bb6 25. Qg3 Bc7 26. Qe3 Re8 27. Qxa7 Rb8
28. Qe3 Rf4 29. c4 d4 30. Qd2 Rf8 31. c5 Bc8 32. f3 Qg7 33. Ref2 Qf6 34. Qe2 Qg5
35. g4 Qh4 36. Rg2 Qe7 37. Rgf2 Qg7 38. Qa2 Bd8 39. Qe2 Bf6 40. Qa2 Qh6 41. Qe2
Qh3 42. Rg2 Bg7 43. Rg3 Qh4 44. Qg2 Bd7 45. a4 Qe7 0-1

[Event "AUTO-OPEN-1877"]
[Site "http://www.queenalice.com/game.php?id=730502"]
[Date "2010.2.12"]
[Round "1"]
[White "animis"]
[Black "divukman"]
[Result "1-0"]
[WhiteElo "1924"]
[BlackElo "1856"]

1. d4 d5 2. c4 Nf6 3. Nc3 e6 4. Nf3 c5 5. e3 Nc6 6. Bd3 Be7 7. O-O O-O 8. a3 a5
9. b3 Qc7 10. Nb5 Qb8 11. Bb2 cxd4 12. exd4 Na7 13. Nc3 Bd7 14. Ne5 Bc6 15. Rc1
Nd7 16. f4 Nxe5 17. fxe5 dxc4 18. Bxc4 b5 19. Bd3 Qb7 20. Rc2 b4 21. Nb1 Be4 22.
Qe2 Bxd3 23. Qxd3 bxa3 24. Nxa3 Bxa3 25. Bxa3 Rfc8 26. Rfc1 Rxc2 27. Rxc2 Rc8
28. Rxc8+ Qxc8 29. Bc5 Nc6 30. Qb5 Qc7 31. Bb6 Qc8 32. Qc5 Qd7 33. Qc4 g6 34.
Bc5 Qb7 35. Qa4 Qc7 36. Qa3 Qd7 37. Qa4 Qc7 38. Qb5 Qd7 39. Qc4 Qd5 40. Kf2 Qxc4
41. bxc4 Kg7 42. Ke3 f6 43. Bd6 fxe5 44. d5 exd5 45. cxd5 Nb4 46. Bxe5+ Kf7 47.
Ke4 Ke7 48. Kd4 Kd7 49. Kc4 1-0

[Event "Let's Play Chess!"]
[Site "http://www.queenalice.com/game.php?id=733989"]
[Date "2010.2.18"]
[Round "-"]
[White "utilizator33"]
[Black "divukman"]
[Result "1-0"]
[WhiteElo "1615"]
[BlackElo "1870"]

1. d4 d5 2. h3 Nc6 3. e3 Nf6 4. Nf3 e6 5. Bd3 Be7 6. O-O O-O 7. c3 Re8 8. Nbd2
Bd6 9. Re1 e5 10. dxe5 Nxe5 11. Nxe5 Bxe5 12. Nf3 Bd6 13. a3 c6 14. Qc2 Be6 15.
e4 dxe4 16. Bxe4 Nxe4 17. Qxe4 Bd5 18. Qd3 Qd7 19. Bd2 Re6 20. Rxe6 1-0

[Event "Let's Play Chess!"]
[Site "http://www.queenalice.com/game.php?id=734529"]
[Date "2010.2.19"]
[Round "-"]
[White "elche"]
[Black "divukman"]
[Result "0-1"]
[WhiteElo "1735"]
[BlackElo "1930"]

1. e4 e5 2. Nf3 Nf6 3. Nxe5 d6 4. Nf3 Nxe4 5. d3 Nf6 6. Be2 Be7 7. O-O O-O 8.
Nc3 c6 9. Bg5 Be6 10. Nd4 Nbd7 11. Ne4 Nxe4 12. Nxe6 fxe6 13. Bxe7 Qxe7 14. dxe4
d5 15. exd5 exd5 16. Bd3 Rf6 17. Qd2 Raf8 18. Rae1 Qf7 19. Qe2 Nc5 20. b4 Nxd3
21. cxd3 Rf4 22. Qd2 Qf6 23. Re2 a6 24. a4 b5 25. axb5 axb5 26. Qc2 Rxb4 27. Re3
Rb2 0-1

[Event "Let's Play Chess!"]
[Site "http://www.queenalice.com/game.php?id=735115"]
[Date "2010.2.20"]
[Round "-"]
[White "vmjoy"]
[Black "divukman"]
[Result "0-1"]
[WhiteElo "816"]
[BlackElo "1944"]

1. b4 e5 2. Bb2 d6 3. c4 Nf6 4. Qa4+ Bd7 5. b5 Be7 6. b6 Bxa4 7. a3 O-O 8. Bxe5
dxe5 9. bxc7 Qxc7 10. e3 Rd8 11. Nf3 Qd6 12. Be2 Nbd7 13. O-O Bc6 14. Nc3 e4 15.
Ng5 h6 16. g3 hxg5 17. Rad1 Ne5 18. Bh5 g6 19. Be2 Nf3+ 20. Bxf3 exf3 21. e4 Kg7
22. Rde1 Qxa3 23. Ne2 fxe2 24. Rxe2 Rd3 25. e5 Ng4 26. h4 Rxg3+ 27. fxg3 Qxg3+
28. Rg2 Qxg2# 0-1

[Event "Let's Play Chess!"]
[Site "http://www.queenalice.com/game.php?id=735116"]
[Date "2010.2.20"]
[Round "-"]
[White "vmjoy"]
[Black "divukman"]
[Result "0-1"]
[WhiteElo "818"]
[BlackElo "1942"]

1. d4 d5 2. Bg5 h6 3. Bh4 g5 4. Bg3 Nc6 5. Nf3 Bg4 6. Nxg5 hxg5 7. Bxc7 Qxc7 8.
e3 Bxd1 9. Kxd1 Rxh2 10. Rg1 Rh6 11. Bb5 Rc8 12. Nc3 Nf6 13. Kc1 Ne4 14. f4 gxf4
15. Rd1 e6 16. Rf1 fxe3 17. Bd3 Nd2 18. Re1 Nxd4 19. g4 Qh2 20. Nd1 e2 21. Bxe2
Nxe2+ 22. Rxe2 Qxe2 23. b3 Ba3+ 24. Nb2 Qe1# 0-1

[Event "Let's Play Chess!"]
[Site "http://www.queenalice.com/game.php?id=735117"]
[Date "2010.2.20"]
[Round "-"]
[White "vmjoy"]
[Black "divukman"]
[Result "0-1"]
[WhiteElo "824"]
[BlackElo "1938"]

1. Nf3 Nc6 2. b4 Nxb4 3. a4 d5 4. Ba3 e6 5. Ne5 Nf6 6. c3 Nc6 7. Bxf8 Rxf8 8. c4
Nxe5 9. c5 Bd7 10. Ra3 Qe7 11. Re3 Neg4 12. Rg3 Qxc5 13. e3 O-O-O 14. Nc3 e5 15.
Qe2 d4 16. Qd1 Rfe8 17. Rf3 dxc3 18. Qb1 cxd2+ 19. Ke2 Bxa4 20. Qxb7+ Kxb7 21.
Rf5 d1=Q# 0-1

[Event "Let's Play Chess!"]
[Site "http://www.queenalice.com/game.php?id=735118"]
[Date "2010.2.20"]
[Round "-"]
[White "vmjoy"]
[Black "divukman"]
[Result "0-1"]
[WhiteElo "820"]
[BlackElo "1940"]

1. Nc3 e5 2. Nb5 Nc6 3. c4 a6 4. Nxc7+ Qxc7 5. e4 Nf6 6. c5 Bxc5 7. Qh5 Nxh5 8.
Bc4 O-O 9. Nf3 b5 10. Bd5 d6 11. O-O Bg4 12. Ng5 Rae8 13. d4 Bxd4 14. a4 h6 15.
Bxf7+ Rxf7 16. Be3 hxg5 17. Rae1 Bxe3 18. Rxe3 Nd4 19. Ree1 Ref8 20. axb5 Ne2+
21. Rxe2 Bxe2 22. Re1 Rxf2 23. Kh1 Rf1+ 24. Rxf1 Rxf1# 0-1

[Event "AUTO-MASTER-1050"]
[Site "http://www.queenalice.com/game.php?id=735206"]
[Date "2010.2.20"]
[Round "1"]
[White "divukman"]
[Black "bomfim"]
[Result "0-1"]
[WhiteElo "1893"]
[BlackElo "2145"]

1. e4 e6 2. d4 d5 3. exd5 exd5 4. Nf3 Nf6 5. Nc3 Be7 6. Be2 O-O 7. O-O Bg4 8.
Re1 Nbd7 9. Qd3 c6 10. h3 Bh5 11. Nh4 Bg6 12. Nxg6 hxg6 13. a3 Bd6 14. Bg5 Re8
15. Bg4 Qc7 16. Bxd7 Qxd7 17. Bxf6 gxf6 18. Re2 Rxe2 19. Qxe2 Re8 20. Qd2 Qf5
21. Kf1 Kg7 22. Re1 Rxe1+ 23. Kxe1 Bf4 24. Qe2 Bc1 25. Na4 b5 26. Qd1 Qg5 0-1

[Event "AUTO-MASTER-1050"]
[Site "http://www.queenalice.com/game.php?id=735207"]
[Date "2010.2.20"]
[Round "1"]
[White "bomfim"]
[Black "divukman"]
[Result "1-0"]
[WhiteElo "2140"]
[BlackElo "1899"]

1. c4 e5 2. Nc3 Nc6 3. g3 g6 4. Bg2 Bg7 5. e3 d6 6. Nge2 Nf6 7. O-O O-O 8. d4
exd4 9. Nxd4 Nxd4 10. exd4 c6 11. Bg5 Bf5 12. d5 c5 13. Qd2 Qd7 14. Rfe1 Rfe8
15. Bf4 a6 16. Rxe8+ Rxe8 17. Re1 Rxe1+ 18. Qxe1 Bh3 19. Bxh3 Qxh3 20. Bxd6 Bf8
21. Bxf8 Kxf8 22. Qf1 Qxf1+ 23. Kxf1 Ke7 24. Ke2 Kd6 25. Kf3 Nd7 26. Kf4 f6 27.
Ne4+ Ke7 28. a3 b6 29. b3 1-0

[Event "AUTO-MASTER-1050"]
[Site "http://www.queenalice.com/game.php?id=735208"]
[Date "2010.2.20"]
[Round "1"]
[White "divukman"]
[Black "erig1969"]
[Result "0-1"]
[WhiteElo "1924"]
[BlackElo "2008"]

1. e4 e6 2. d4 c5 3. Nf3 cxd4 4. Nxd4 Nc6 5. Nxc6 bxc6 6. Nc3 Bc5 7. Be2 e5 8.
O-O h6 9. Be3 Bxe3 10. fxe3 Qb6 0-1